| 000 | 01015cam a22003011 4500 | ||
|---|---|---|---|
| 001 | 4041 | ||
| 003 | BD-RjUL | ||
| 005 | 20211208233825.0 | ||
| 008 | 131221s1961 xx 001 0 eng | ||
| 035 | _a(BD-RjUL)4075 | ||
| 035 | _a(OCoLC)939426 | ||
| 040 |
_aDLC _cTxU-Da _dDLC _dBD-RjUL _beng |
||
| 041 | _aeng | ||
| 082 | 0 | 4 |
_219 _a339.23 _bYAT 1961 |
| 100 | 1 |
_aYamada, Isamu, _d1909- _912855 |
|
| 245 | 1 | 0 |
_aTheory and application of interindustry analysis / _cIsamu Yamada. |
| 260 |
_aTokyo : _bKinokuniya Bookstore Co., _cc1961. |
||
| 300 |
_a254 p. : _billus. ; _c22 cm. |
||
| 490 | 1 | _aInstitute of Economic Research, Hitotsubashi University. Economic research series,4 | |
| 504 | _aIncludes bibliography and index. | ||
| 650 | 0 |
_aInput-output analysis. _912856 |
|
| 651 | 0 |
_aJapan _xEconomic conditions _y1945-1989. _96179 |
|
| 830 | 0 |
_v4. _912864 |
|
| 830 | 0 |
_aEconomic research series (Hitotsubashi Daigaku. Keizai Kenkyūjo) ; _912858 |
|
| 942 |
_2ddc _cBK |
||
| 999 |
_c4041 _d4041 |
||